[Event "World Youth Girls U16 2014"]
[Site "Durban RSA"]
[Date "2014.09.20"]
[Round "1.24"]
[White "Vasova, Maria"]
[Black "Moyo, Phumuzile"]
[Result "1-0"]
[WhiteElo "1958"]
[BlackElo "1370"]
[WhiteFideId "2900955"]
[BlackFideId "11001550"]
[EventDate "2014.09.20"]

1. e4 c5 2. Nf3 Nc6 3. d4 cxd4 4. Nxd4 Nf6 5. Nc3 e6 6. Nxc6 bxc6 7. e5 Nd5 8.
Ne4 Be7 9. c4 Bb4+ 10. Bd2 Ne3 11. fxe3 Qh4+ 12. Nf2 Bxd2+ 13. Qxd2 O-O 14. Qd4
Qe7 15. Be2 c5 16. Qf4 f6 17. O-O Bb7 18. Ne4 f5 19. Qg5 Qxg5 20. Nxg5 h6 21.
Nf3 Rf7 22. Rad1 Raf8 23. Nd2 Kh7 24. Nb3 Rc8 25. Rd6 g5 26. Bf3 Bxf3 27. Rxf3
g4 28. Rf1 Kg6 29. Ra6 Rc7 30. Ra5 Rb7 31. Rxc5 Rb4 32. Rf4 a6 33. Ra5 Rf8 34.
Rxa6 Rc8 35. c5 Rb5 36. Rb6 Rbxc5 37. Nxc5 Rxc5 38. Rd4 Rxe5 39. Kf2 d5 40. a4
h5 41. g3 Kg5 42. a5 h4 43. a6 Kh5 44. a7 f4 45. Rxf4 d4 46. a8=Q dxe3+ 47. Ke2
hxg3 48. Qh8+ Kg6 49. Qf6+ Kh5 50. Qxe5+ Kh4 51. hxg3+ Kh3 52. Qh5+ Kg2 53. Qxg4
Kh2 54. Rf2+ exf2 55. Kxf2 e5 56. Qh4# 1-0

[Event "World Youth Girls U16 2014"]
[Site "Durban RSA"]
[Date "2014.09.20"]
[Round "1.25"]
[White "Al Shamsi, Kaltham Mubarak"]
[Black "Besso, Guadalupe"]
[Result "0-1"]
[BlackTitle "WCM"]
[WhiteElo "1292"]
[BlackElo "1952"]
[WhiteFideId "9304193"]
[BlackFideId "123161"]
[EventDate "2014.09.20"]

1. e4 c5 2. Nf3 d6 3. c3 Nf6 4. d3 g6 5. Be2 Bg7 6. O-O O-O 7. Be3 Nc6 8. Nbd2
Bd7 9. d4 cxd4 10. Nxd4 Ne5 11. h3 Bc6 12. Nxc6 bxc6 13. f4 Ned7 14. Bf3 Qc7 15.
Qa4 Nb6 16. Bxb6 axb6 17. Qc4 b5 18. Qd3 Nd7 19. Nb3 Qb6+ 20. Kh1 c5 21. Qe3 Ra7
22. Rfd1 Rc8 23. Bg4 e6 24. Qd2 c4 25. Nd4 Nc5 26. Bf3 Nd3 27. Nc2 Nf2+ 28. Kh2
Nxd1 29. Qxd1 Bh6 30. g3 Qf2+ 31. Bg2 e5 32. fxe5 dxe5 33. Qf1 Qxc2 0-1

[Event "World Youth Girls U16 2014"]
[Site "Durban RSA"]
[Date "2014.09.21"]
[Round "2.1"]
[White "Drogovoz, Irina"]
[Black "Vasova, Maria"]
[Result "1/2-1/2"]
[WhiteElo "2313"]
[BlackElo "1958"]
[WhiteFideId "4176715"]
[BlackFideId "2900955"]
[EventDate "2014.09.20"]

1. d4 d5 2. c4 c6 3. Nc3 Nf6 4. Nf3 dxc4 5. a4 Bf5 6. e3 e6 7. Bxc4 Bb4 8. O-O
O-O 9. Qb3 Qb6 10. Bd2 Nbd7 11. e4 Bxc3 12. exf5 Qxb3 13. Bxb3 Bxd2 14. fxe6 Ba5
15. exd7 Nxd7 16. Ne5 Nxe5 17. dxe5 Rad8 18. Rad1 Rxd1 19. Rxd1 Rd8 20. Rxd8+
Bxd8 1/2-1/2

[Event "World Youth Girls U16 2014"]
[Site "Durban RSA"]
[Date "2014.09.21"]
[Round "2.2"]
[White "Fuskova, Martina"]
[Black "Tsolakidou, Stavroula"]
[Result "1/2-1/2"]
[BlackTitle "WFM"]
[WhiteElo "1961"]
[BlackElo "2250"]
[WhiteFideId "300063"]
[BlackFideId "4264312"]
[EventDate "2014.09.20"]

1. e4 c5 2. Nf3 d6 3. d4 cxd4 4. Nxd4 Nf6 5. Nc3 a6 6. Be2 e5 7. Nb3 Be7 8. O-O
O-O 9. Kh1 Be6 10. f4 exf4 11. Bxf4 Nc6 12. Qe1 Ne5 13. Nd4 Qb6 14. Rd1 Rac8 15.
Bc1 Rfe8 16. Qg3 Kh8 17. Nf5 Bxf5 18. Rxf5 Qc6 19. Bd3 b5 20. a3 Bd8 21. Bg5 Nh5
22. Qh4 g6 23. Rf2 f6 24. Bc1 f5 25. Bg5 Ng4 26. Rff1 Ne3 27. Be2 Nxd1 28. Bxh5
Bxg5 29. Qxg5 Nxc3 30. Qf6+ Kg8 31. Bxg6 Rf8 32. Bxh7+ Kxh7 33. Qh4+ Kg6 34.
Qg3+ Kh7 35. Qh4+ 1/2-1/2

[Event "World Youth Girls U16 2014"]
[Site "Durban RSA"]
[Date "2014.09.21"]
[Round "2.3"]
[White "Unuk, Laura"]
[Black "Wafa, Shahenda"]
[Result "1/2-1/2"]
[WhiteTitle "WFM"]
[BlackTitle "WIM"]
[WhiteElo "2247"]
[BlackElo "1917"]
[WhiteFideId "14609215"]
[BlackFideId "10609962"]
[EventDate "2014.09.20"]

1. d4 d5 2. c4 e6 3. Nf3 Nf6 4. g3 c6 5. Bg2 Nbd7 6. O-O Be7 7. Qc2 O-O 8. Nc3
dxc4 9. a4 Nd5 10. Rd1 N7f6 11. Ne5 Nb4 12. Qb1 c5 13. Be3 Nfd5 14. dxc5 Qc7 15.
Bd4 Nxc3 16. bxc3 Bxc5 17. Bxc5 Qxc5 18. Nd7 Bxd7 19. Rxd7 Nc6 20. Qxb7 Ne5 21.
Rd4 Rab8 22. Qe4 Rb3 23. Rc1 Rc8 24. Rcd1 Ng6 25. Bh3 Rbb8 26. Qe3 Qa3 27. f4
Qxa4 28. f5 exf5 29. Bxf5 Re8 30. Qf2 Qa2 31. Bxg6 hxg6 32. Rd7 Rf8 33. Rf1 f6
34. Qc5 Kh7 35. Qe7 Rg8 36. Rd4 Rb5 37. Rh4+ Rh5 38. Qe4 Rh6 39. Rxh6+ gxh6 40.
Rd1 Rg7 41. Qe8 Qc2 42. Rd8 g5 43. Rc8 Qd1+ 44. Kf2 Qd5 45. Qh8+ Kg6 46. Qe8+
Kh7 47. Qc6 Qxc6 48. Rxc6 f5 49. Rxc4 Re7 50. Rc6 Kg7 51. Kf3 f4 52. gxf4 gxf4
53. Ra6 Kg8 54. h4 Re3+ 55. Kxf4 Rxe2 56. Rxa7 Rh2 57. Kg4 Re2 58. Kf5 Rg2 59.
c4 Kf8 60. c5 Rc2 61. Rc7 Rc4 62. h5 Ke8 63. Kg6 Kd8 64. Rc6 Kd7 65. Rd6+ Ke7
66. Rd5 Ke6 67. Rd6+ Ke7 68. Rc6 Kd7 69. Rf6 Rxc5 70. Kxh6 Ke7 71. Rf4 Rc1 72.
Rg4 Kf8 73. Kh7 Rf1 74. h6 Rf6 75. Rg8+ Kf7 76. Rg7+ Kf8 77. Rb7 Re6 78. Rb2 Rf6
79. Ra2 Kf7 80. Ra7+ Kf8 81. Rg7 Re6 82. Rg6 Rxg6 83. Kxg6 Kg8 84. h7+ Kh8 85.
Kh6 1/2-1/2

[Event "World Youth Girls U16 2014"]
[Site "Durban RSA"]
[Date "2014.09.21"]
[Round "2.4"]
[White "Besso, Guadalupe"]
[Black "Narva, Mai"]
[Result "0-1"]
[WhiteTitle "WCM"]
[BlackTitle "WCM"]
[WhiteElo "1952"]
[BlackElo "2210"]
[WhiteFideId "123161"]
[BlackFideId "4500512"]
[EventDate "2014.09.20"]

1. d4 d5 2. c4 e6 3. Nc3 Nf6 4. cxd5 exd5 5. Bg5 Be7 6. e3 O-O 7. Bd3 Be6 8. Qc2
h6 9. Bh4 c5 10. Nge2 Nc6 11. a3 cxd4 12. exd4 Qb6 13. Qd2 Na5 14. Na4 Qd8 15.
Rd1 Rc8 16. O-O Nb3 17. Qe3 Qe8 18. Bxf6 Bxf6 19. Bh7+ Kxh7 20. Qxb3 Bg4 21.
Qd3+ g6 22. Nac3 Qc6 23. Rc1 Rfe8 24. h3 Bxe2 25. Nxe2 Qb6 26. Rxc8 Rxc8 27. Qf3
Kg7 28. Qg4 Re8 29. Ng3 Kh7 30. Qd7 Re7 31. Qxd5 Qxb2 32. Rd1 Qxa3 33. Ne4 Bg7
34. Nc5 b6 35. Qd6 Re6 36. Qc7 bxc5 37. d5 Qb3 0-1

[Event "World Youth Girls U16 2014"]
[Site "Durban RSA"]
[Date "2014.09.21"]
[Round "2.6"]
[White "Ghukasyan, Siranush"]
[Black "Dadello, Aleksandra"]
[Result "1-0"]
[WhiteElo "2155"]
[BlackElo "1907"]
[WhiteFideId "13300946"]
[BlackFideId "1177362"]
[EventDate "2014.09.20"]

1. e4 e6 2. d4 d5 3. Nc3 Nf6 4. Bg5 dxe4 5. Nxe4 Be7 6. Bxf6 Bxf6 7. Nf3 Nd7 8.
Bd3 b6 9. Qe2 Bb7 10. O-O-O Qe7 11. Nxf6+ Qxf6 12. Kb1 O-O 13. Ne5 Rfd8 14. f3
c5 15. Nxd7 Rxd7 16. dxc5 Bd5 17. cxb6 axb6 18. c4 Bc6 19. Be4 Bxe4+ 20. Qxe4
Rad8 21. Qc2 Qg5 22. Rxd7 Rxd7 23. Rd1 Rxd1+ 24. Qxd1 h6 25. Qc2 Qe3 26. a4 Qe1+
27. Ka2 Qb4 28. Qb3 Qc5 29. Qb5 Qd4 30. c5 Qd5+ 31. Ka3 bxc5 32. a5 Qd6 33. a6
c4+ 34. Ka4 Qd1+ 35. Ka5 Qd8+ 36. Kb4 Qd2+ 37. Kxc4 Qc2+ 38. Kd4 Qd2+ 39. Kc5
Qd5+ 40. Kb6 Qd6+ 41. Kb7 Qe7+ 42. Ka8 Kh7 43. b4 Qc7 44. Qc5 Qd8+ 45. Kb7 Qd7+
46. Kb6 Qd8+ 47. Kb5 Qd3+ 48. Qc4 Qd7+ 49. Kc5 Qa7+ 50. Kb5 Qd7+ 51. Ka5 Qd8+
52. Ka4 Qd1+ 53. Ka3 Qa1+ 54. Kb3 Qb1+ 55. Kc3 Qc1+ 56. Kd4 Qg1+ 57. Ke5 Qxh2+
58. f4 Qg1 59. b5 Qf2 60. Kd6 Qb6+ 61. Qc6 Qb8+ 62. Kd7 Qa7+ 63. Kc8 h5 64. Qc7
Qa8+ 65. Qb8 Qxg2 66. a7 Qc2+ 67. Kd8 Qd3+ 68. Ke8 1-0

[Event "World Youth Girls U16 2014"]
[Site "Durban RSA"]
[Date "2014.09.21"]
[Round "2.7"]
[White "Konopatska, Oleksandra"]
[Black "Derakhshani, Dorsa"]
[Result "0-1"]
[BlackTitle "WFM"]
[WhiteElo "1914"]
[BlackElo "2148"]
[WhiteFideId "14128772"]
[BlackFideId "12500330"]
[EventDate "2014.09.20"]

1. Nf3 Nf6 2. c4 e6 3. g3 d5 4. Bg2 Be7 5. O-O O-O 6. b3 c5 7. Bb2 Nc6 8. e3 d4
9. exd4 cxd4 10. Re1 Bc5 11. Na3 Re8 12. Ne5 Nxe5 13. Rxe5 Qd6 14. Rxc5 Qxc5 15.
Nb5 e5 16. Ba3 Qb6 17. Qe2 Bg4 18. f3 Bd7 19. Nd6 Re6 20. c5 Qa5 21. Nc4 Qa6 22.
Bb2 Bb5 23. d3 Bxc4 24. bxc4 Qa5 25. a4 Qxc5 26. Ba3 Qa5 27. Qc2 Ra6 28. Bb2 Re8
29. Kf2 Rc8 30. h3 Nd5 31. Qb3 Qd2+ 32. Kg1 Ne3 0-1

[Event "World Youth Girls U16 2014"]
[Site "Durban RSA"]
[Date "2014.09.21"]
[Round "2.8"]
[White "Gazikova, Veronika"]
[Black "Suchomelova, Simona"]
[Result "1-0"]
[WhiteTitle "WFM"]
[WhiteElo "2134"]
[BlackElo "1895"]
[WhiteFideId "14919311"]
[BlackFideId "348864"]
[EventDate "2014.09.20"]

1. e4 c5 2. Nf3 d6 3. d4 cxd4 4. Nxd4 Nf6 5. Nc3 a6 6. h3 e6 7. g4 d5 8. e5 Nfd7
9. Bf4 Nc6 10. Nxc6 bxc6 11. Bg2 Qc7 12. Qe2 a5 13. O-O-O Ba6 14. Qe1 Be7 15.
Bg3 Rb8 16. Bf1 Bxf1 17. Rxf1 Qb7 18. b3 Qb4 19. Nb1 Qxe1 20. Rfxe1 O-O 21. a4
Nc5 22. Nc3 Rfd8 23. f4 Na6 24. Rf1 Bb4 25. Be1 Nc5 26. Rd4 Na6 27. Nb1 Bxe1 28.
Rxe1 c5 29. Rdd1 Rdc8 30. Na3 Rb4 31. f5 c4 32. bxc4 Rxa4 33. Re3 dxc4 34. Rc3
Kf8 35. fxe6 fxe6 36. Rd7 Rc7 37. Rxc7 Nxc7 38. Nxc4 Nb5 39. Rf3+ Ke7 40. Nd2
Ra1+ 41. Kb2 Re1 42. Nc4 a4 43. Re3 Rxe3 44. Nxe3 Kd7 45. c4 Nd4 46. Ka3 Nc6 47.
Kxa4 Nxe5 48. Kb5 Kc7 49. c5 Nf3 50. Nc2 g6 51. Kc4 Ng5 52. h4 Nf7 53. Kd4 Kc6
54. Nb4+ Kc7 55. Nd3 Nd8 56. Ke5 Kc6 57. g5 Kd7 58. Kf6 Kc6 59. Ke7 Nb7 60. Kxe6
Na5 61. Kf7 Nc4 62. Kg7 Ne3 63. Kxh7 Ng2 64. h5 gxh5 65. g6 Ne3 66. g7 Nd5 67.
Nb4+ 1-0

[Event "World Youth Girls U16 2014"]
[Site "Durban RSA"]
[Date "2014.09.21"]
[Round "2.9"]
[White "Parhomenko, Margarita"]
[Black "Gal, Hanna Krisztina"]
[Result "0-1"]
[WhiteElo "1894"]
[BlackElo "2094"]
[WhiteFideId "11603216"]
[BlackFideId "711861"]
[EventDate "2014.09.20"]

1. f4 d5 2. b3 c5 3. Bb2 Nc6 4. Nf3 Nf6 5. e3 g6 6. Ne5 Bg7 7. Bb5 Qb6 8. Nc3
Bd7 9. Nxd7 Kxd7 10. a4 e6 11. a5 Qd8 12. Na4 b6 13. Qe2 Rg8 14. Be5 Bh8 15. Nc3
Qe8 16. d4 Ke7 17. dxc5 bxc5 18. e4 d4 19. Na4 a6 20. Bxa6 Nxe5 21. fxe5 Nd7 22.
Bb5 Rxa5 23. O-O Qb8 24. Bxd7 Kxd7 25. Rxf7+ Kc6 26. Raf1 Bxe5 27. Rxh7 Rh8 28.
Rxh8 Qxh8 29. h3 Qh4 30. Qf3 c4 31. Qf7 Kd6 32. Nb6 Qg3 33. Nxc4+ Kc5 34. Qf8+
Kb5 35. Qe8+ Kb4 36. Qe7+ Rc5 37. Qb7+ Rb5 38. Qe7+ Rc5 39. Nxe5 Qxe5 40. Qh4
Rxc2 41. Qe1+ Kb5 42. Rf3 Qc5 43. Kh2 Rc3 44. Qe2+ Kb4 45. Kg3 Kxb3 46. Qd1+ Kb2
47. Qe2+ Rc2 48. Qd3 Qg5+ 0-1

[Event "World Youth Girls U16 2014"]
[Site "Durban RSA"]
[Date "2014.09.21"]
[Round "2.10"]
[White "Monnisha, GK"]
[Black "Shapar, Tatiana"]
[Result "1-0"]
[WhiteTitle "WFM"]
[WhiteElo "2078"]
[BlackElo "1877"]
[WhiteFideId "5009936"]
[BlackFideId "24174840"]
[EventDate "2014.09.20"]

1. e4 d5 2. exd5 Nf6 3. d4 Bg4 4. Be2 Bxe2 5. Qxe2 Qxd5 6. Nf3 Nc6 7. c4 Qf5 8.
O-O O-O-O 9. d5 Nb4 10. Na3 Nd3 11. Be3 e5 12. Rad1 Nf4 13. Bxf4 exf4 14. Nb5
Bc5 15. b4 Bxb4 16. Nxa7+ Kb8 17. Nd4 f3 18. Qb2 Qg4 19. Nxf3 Qxc4 20. Nc6+ bxc6
21. Rd4 Qxf1+ 22. Kxf1 c5 23. Rd3 Kc8 24. a3 Ba5 25. Qb5 Bb6 26. Ne5 Rdf8 27.
Qa6+ Kd8 28. d6 1-0

[Event "World Youth Girls U16 2014"]
[Site "Durban RSA"]
[Date "2014.09.21"]
[Round "2.12"]
[White "Trippold, Denise"]
[Black "Virkud, Apurva"]
[Result "0-1"]
[BlackTitle "WCM"]
[WhiteElo "1842"]
[BlackElo "2041"]
[WhiteFideId "1625594"]
[BlackFideId "2050820"]
[EventDate "2014.09.20"]

1. d4 d5 2. c4 e6 3. Nf3 Nf6 4. g3 dxc4 5. Bg2 a6 6. O-O Nc6 7. Nc3 Be7 8. Qa4
Bd7 9. Qxc4 b5 10. Qd3 Rb8 11. e4 O-O 12. Rd1 h6 13. Bf4 Nb4 14. Qe2 a5 15. Rac1
Rb7 16. a3 Na6 17. a4 c6 18. d5 Qb6 19. dxc6 Bxc6 20. axb5 Bxb5 21. Nxb5 Qxb5
22. Qxb5 Rxb5 23. Bf1 Rxb2 24. Bxa6 Nxe4 25. Be3 Bf6 26. Kf1 a4 27. Nd4 a3 28.
Nc2 a2 29. Na1 Nc3 30. Rd2 Rb1 31. Rc2 Nd5 32. Bd2 Bb2 33. Re1 Rxa1 34. Rxa1
Bxa1 35. Rxa2 Bf6 36. Bb7 Rd8 37. Rc2 Rb8 38. Ba6 Ra8 39. Bd3 Rd8 40. Ke2 g5 41.
Be4 Kg7 42. Kf3 Ne7 43. Bb4 Ng6 44. Ba5 Rd4 45. Bc7 Ra4 46. Re2 Bd4 47. Bd6 Ra6
48. Bc7 f5 49. Bb1 Rc6 50. Rc2 Rxc2 51. Bxc2 Ne7 52. h3 Nd5 53. Ba5 h5 54. Bd8
Bf6 55. Ba5 Kg6 56. Bd2 Be5 57. Bd3 Nc3 58. g4 Nd5 59. gxf5+ exf5 60. Bf1 h4 61.
Bc4 Nf4 62. Bf1 Kf6 0-1

[Event "World Youth Girls U16 2014"]
[Site "Durban RSA"]
[Date "2014.09.21"]
[Round "2.13"]
[White "Haussernot, Cecile"]
[Black "Nyamdorj, Uranchimeg"]
[Result "1-0"]
[WhiteTitle "WFM"]
[WhiteElo "2011"]
[BlackElo "1784"]
[WhiteFideId "601632"]
[BlackFideId "4902386"]
[EventDate "2014.09.20"]

1. e4 e5 2. Nf3 Nc6 3. d4 exd4 4. Nxd4 Bc5 5. Nb3 Bb6 6. Qe2 d6 7. Be3 Be6 8.
Nc3 Nf6 9. O-O-O O-O 10. h3 h6 11. g4 Nd7 12. Rg1 Bxe3+ 13. Qxe3 g5 14. h4 Qf6
15. hxg5 hxg5 16. Kb1 a5 17. Bb5 Nde5 18. Qh3 Kg7 19. Nd5 Bxd5 20. exd5 Ne7 21.
Nd4 Rh8 22. Qg2 N5g6 23. Rge1 a4 24. Qe4 a3 25. Re3 axb2 26. Rf3 Qe5 27. Qd3 Nf4
28. Qb3 Nexd5 29. c4 Nf6 30. Re3 Qc5 31. Nf5+ Kg6 32. Qc2 Nxg4 33. Nd4+ Kf6 34.
Rg3 Rh4 35. Bd7 Nh6 36. Qxb2 Ke7 37. Bb5 Nf5 38. Re1+ Ne6 39. Nxe6 fxe6 40. Rxg5
Rh7 41. Rxe6+ 1-0

[Event "World Youth Girls U16 2014"]
[Site "Durban RSA"]
[Date "2014.09.21"]
[Round "2.14"]
[White "Auvray, Honorine"]
[Black "Abdusattorova, Bakhora"]
[Result "0-1"]
[BlackTitle "WFM"]
[WhiteElo "1799"]
[BlackElo "2008"]
[WhiteFideId "600512"]
[BlackFideId "14204126"]
[EventDate "2014.09.20"]

1. e4 e5 2. Nf3 Nc6 3. d4 exd4 4. Bc4 Bc5 5. c3 Nf6 6. e5 d5 7. Be2 Ne4 8. cxd4
Bb6 9. O-O O-O 10. Nc3 Be6 11. Be3 f6 12. exf6 Qxf6 13. Bd3 Nxc3 14. bxc3 Bg4
15. Be2 Bxf3 16. Bxf3 Ne7 17. Re1 c6 18. Bg4 Rf7 19. g3 Nf5 20. Bxf5 Qxf5 21.
Qb1 Qf6 22. Qb3 Kh8 23. Rab1 0-1

[Event "World Youth Girls U16 2014"]
[Site "Durban RSA"]
[Date "2014.09.21"]
[Round "2.15"]
[White "Zhang, Lanlin"]
[Black "Ranasinghe, Thinithi Sahanika"]
[Result "1-0"]
[WhiteElo "1988"]
[BlackElo "1596"]
[WhiteFideId "8608032"]
[BlackFideId "9914382"]
[EventDate "2014.09.20"]

1. e4 c6 2. d4 d5 3. exd5 cxd5 4. c4 Nf6 5. Nc3 e6 6. Nf3 Nc6 7. c5 Bd7 8. a3
Ne4 9. Nxe4 dxe4 10. Ng5 f5 11. Be3 Be7 12. h4 Bf6 13. Bc4 Qe7 14. d5 exd5 15.
Qxd5 Nd8 16. O-O-O h6 17. Nf7 Be6 18. Nd6+ Kf8 19. Qd2 Bxc4 20. Nxc4 Nf7 21. Qd5
g6 22. h5 Rd8 23. Nd6 g5 24. Qxf5 Nxd6 25. Rxd6 Rxd6 26. cxd6 Qf7 27. Qxe4 Kg7
28. Rd1 Re8 29. Qd5 Rc8+ 30. Kb1 a6 31. d7 Rb8 32. Ba7 Qxd5 33. Rxd5 Ra8 34. Bd4
Rd8 35. Bb6 Rf8 36. d8=Q Bxd8 37. Rxd8 Rf7 38. Bd4+ Kh7 39. Rh8# 1-0

[Event "World Youth Girls U16 2014"]
[Site "Durban RSA"]
[Date "2014.09.21"]
[Round "2.16"]
[White "Eng, Rachael"]
[Black "Varshini, V"]
[Result "0-1"]
[BlackTitle "WFM"]
[WhiteElo "1778"]
[BlackElo "1987"]
[WhiteFideId "2062224"]
[BlackFideId "5091241"]
[EventDate "2014.09.20"]

1. e4 c5 2. Nf3 d6 3. Bb5+ Bd7 4. Bxd7+ Nxd7 5. O-O Ngf6 6. Re1 e6 7. c3 Be7 8.
d4 cxd4 9. cxd4 O-O 10. Nc3 Nb6 11. Qe2 Rc8 12. Bg5 a6 13. Rad1 Nfd7 14. Be3 Nc4
15. d5 e5 16. Bc1 b5 17. b3 Ncb6 18. Qe3 f5 19. exf5 Rxf5 20. Ne4 Nf8 21. Qd3
Rf7 22. Nfg5 Rxc1 23. Nxf7 Rxd1 24. Nh6+ gxh6 25. Rxd1 Ng6 26. g3 Nd7 27. Qe3
Kg7 28. Qa7 Qc8 29. Re1 Kg8 30. h4 h5 31. Kh2 Nf6 32. Ng5 Ng4+ 33. Kg2 Bxg5 34.
hxg5 e4 35. Rxe4 N4e5 36. Qe3 Qc2 37. Qe2 Qxe2 38. Rxe2 Kf7 39. f4 Nd3 40. Re6
Ndxf4+ 41. gxf4 Nxf4+ 42. Kf3 Nxe6 43. dxe6+ Kxe6 44. Ke4 d5+ 0-1

[Event "World Youth Girls U16 2014"]
[Site "Durban RSA"]
[Date "2014.09.21"]
[Round "2.19"]
[White "Ljikar, Tamara"]
[Black "Bykovtsev, Agata"]
[Result "0-1"]
[WhiteElo "1768"]
[BlackElo "2059"]
[WhiteFideId "14530767"]
[BlackFideId "2046547"]
[EventDate "2014.09.20"]

1. d4 Nf6 2. Nc3 d5 3. Bg5 Nbd7 4. f3 h6 5. Bh4 e6 6. e4 Be7 7. e5 Nh5 8. Bxe7
Qxe7 9. g3 a6 10. f4 g6 11. Nf3 c5 12. Qd2 Ng7 13. Bd3 b5 14. Nd1 Bb7 15. c3 Nb6
16. O-O Nf5 17. Bxf5 gxf5 18. Ne3 a5 19. Rac1 Nc4 20. Qf2 a4 21. a3 Na5 22. Kh1
Nb3 23. Rcd1 h5 24. Ng2 b4 25. cxb4 cxb4 26. axb4 Qxb4 27. Rfe1 Ba6 28. Ne3 Ke7
29. Nc2 Qa5 30. Na3 Qb6 31. Qg2 Rac8 32. Nh4 Rc6 33. Qf2 Rhc8 34. Qf3 Nxd4 35.
Qxh5 R6c7 36. Qg5+ Kd7 37. Qf6 Kc6 38. Rxd4 Qxd4 39. Nxf5 Qf2 40. Rb1 Kb6 0-1

[Event "World Youth Girls U16 2014"]
[Site "Durban RSA"]
[Date "2014.09.21"]
[Round "2.22"]
[White "Kafetzi, Angeliki"]
[Black "Le Bihan, Alison"]
[Result "1-0"]
[WhiteElo "1896"]
[BlackElo "1714"]
[WhiteFideId "4238419"]
[BlackFideId "20654570"]
[EventDate "2014.09.20"]

1. e4 g6 2. d4 c6 3. Nc3 d5 4. h3 Bg7 5. Nf3 Nh6 6. e5 f6 7. Bd3 Nf7 8. exf6
exf6 9. O-O O-O 10. Re1 Re8 11. Rxe8+ Qxe8 12. Bf4 b6 13. Qd2 Na6 14. a3 Qd7 15.
Re1 Bb7 16. Qe2 Qc8 17. Nh2 Nb8 18. Qe8+ Bf8 19. Qxc8 Bxc8 20. Re8 Nd7 21. Ba6
Bb7 1-0

[Event "World Youth Girls U16 2014"]
[Site "Durban RSA"]
[Date "2014.09.21"]
[Round "2.23"]
[White "Zhang, Manxuan"]
[Black "Caxita, Esperanca"]
[Result "0-1"]
[BlackTitle "WIM"]
[WhiteElo "1593"]
[BlackElo "1769"]
[WhiteFideId "2619504"]
[BlackFideId "10100903"]
[EventDate "2014.09.20"]

1. e4 e5 2. Nf3 d6 3. Nc3 Be7 4. g3 Nf6 5. Bg2 Nc6 6. d3 Bg4 7. h3 Bh5 8. g4 Bg6
9. Nh4 Nxe4 10. Nxg6 Nxc3 11. bxc3 fxg6 12. O-O O-O 13. f4 Qd7 14. d4 exf4 15.
Bxf4 d5 16. Qd3 Na5 17. Rab1 c6 18. Rbe1 Bh4 19. Bg3 Bxg3 20. Qxg3 Nc4 21. g5
Rxf1+ 22. Bxf1 Nd2 23. Qe3 Ne4 24. Bg2 Re8 25. Rf1 Nd6 26. Qf4 Qe7 27. Qg3 Qe3+
28. Qxe3 Rxe3 29. Rf3 Rxf3 30. Bxf3 Nb5 31. Bg4 Nxc3 32. a3 Nb5 33. Bc8 b6 34.
Bd7 Nxa3 35. Bxc6 Nxc2 36. Bxd5+ Kf8 37. Bc4 Nxd4 38. Kf2 b5 39. Bd3 b4 40. Ke3
Ne6 41. h4 a5 42. Bc4 Ke7 43. Ke4 Kd6 44. Ke3 a4 45. Kd2 a3 46. Kc1 Nd4 47. Bg8
Nf3 48. Bxh7 Nxh4 49. Kc2 Nf3 50. Bxg6 Nxg5 51. Kb3 Kc5 52. Bh5 Ne6 53. Bf7 Nd4+
54. Ka2 g5 55. Bh5 Kc4 56. Bg4 Kc3 57. Bd1 Nc2 58. Kb1 b3 59. Bxc2 bxc2+ 60. Kc1
Kb3 0-1

[Event "World Youth Girls U16 2014"]
[Site "Durban RSA"]
[Date "2014.09.21"]
[Round "2.25"]
[White "Egorova, Ayyyna"]
[Black "Nyashanu, Cynthia"]
[Result "1-0"]
[WhiteTitle "WCM"]
[WhiteElo "1992"]
[BlackElo "1400"]
[WhiteFideId "24136611"]
[BlackFideId "11001208"]
[EventDate "2014.09.20"]

1. e4 e5 2. Nf3 Nc6 3. d4 d6 4. Bb5 Bd7 5. O-O a6 6. Bxc6 Bxc6 7. dxe5 Bxe4 8.
Re1 Bxf3 9. exd6+ Ne7 10. Qxf3 Qxd6 11. Qxb7 Rd8 12. Nc3 g6 13. Bg5 Qb6 14. Nd5
Rxd5 15. Qxd5 Qd6 16. Qa8+ Qd8 17. Qc6+ Qd7 18. Qf6 Rg8 19. Rad1 Qe6 20. Rxe6
fxe6 21. Qxe6 Rg7 22. Qd7+ Kf7 23. Bh6 Rg8 24. Re1 Rg7 25. Bxg7 Kxg7 26. Rxe7+
Bxe7 27. Qxe7+ Kh6 28. g4 c5 29. g5+ Kh5 30. h3 1-0

[Event "World Youth Girls U16 2014"]
[Site "Durban RSA"]
[Date "2014.09.21"]
[Round "2.26"]
[White "Kyrkjebo, Hanna B."]
[Black "Al Shamsi, Kaltham Mubarak"]
[Result "1-0"]
[WhiteElo "1758"]
[BlackElo "1292"]
[WhiteFideId "1511599"]
[BlackFideId "9304193"]
[EventDate "2014.09.20"]

1. e4 e6 2. d3 d5 3. Nd2 dxe4 4. dxe4 Nd7 5. Ngf3 Bc5 6. Bc4 e5 7. Nb3 f6 8. Qd5
Qe7 9. O-O c6 10. Qd1 b5 11. Bd3 Qf7 12. c3 Bb6 13. Qe2 Nc5 14. Nxc5 Bxc5 15.
Bxb5 Bxf2+ 16. Rxf2 cxb5 17. Qxb5+ Qd7 18. Qb3 Bb7 19. Be3 Bxe4 20. Rd1 Qc7 21.
Rfd2 Bc6 22. Qe6+ Ne7 23. Bc5 Rf8 24. Bxe7 Qxe7 25. Qxc6+ Kf7 26. Rd7 Qxd7 27.
Rxd7+ Kg6 28. Qe4+ 1-0

[Event "World Youth Girls U16 2014"]
[Site "Durban RSA"]
[Date "2014.09.21"]
[Round "2.27"]
[White "Liao, Jo-Yu"]
[Black "Van Zyl, Charlize"]
[Result "0-1"]
[BlackTitle "WIM"]
[WhiteElo "1438"]
[BlackElo "1753"]
[WhiteFideId "16300459"]
[BlackFideId "14307120"]
[EventDate "2014.09.20"]

1. e4 c6 2. d4 d5 3. Nc3 dxe4 4. Nxe4 Bf5 5. Ng3 Bg6 6. Nf3 e6 7. Bf4 Nf6 8. Be2
Nd5 9. Bd2 Bd6 10. a3 Nd7 11. c4 Nf4 12. O-O O-O 13. Bc3 Nf6 14. Nh4 Ne4 15.
Nxg6 Nxc3 16. bxc3 Nxe2+ 17. Qxe2 hxg6 18. Rfd1 Qa5 19. Qb2 Qc7 20. Kh1 Rad8 21.
c5 Bxg3 22. hxg3 Rd7 23. Kg1 Rfd8 24. Kf1 e5 25. Rd2 b6 26. cxb6 axb6 27. Rb1 b5
28. Rbd1 exd4 29. Rxd4 Rxd4 30. Rxd4 Rxd4 31. cxd4 Qd6 32. Qc3 Qd5 33. Qe3 Kf8
34. Qc3 Ke7 35. Qb4+ Ke8 36. a4 bxa4 37. Qxa4 Qb5+ 38. Qxb5 cxb5 39. Ke2 Kd7 40.
Kd2 Kd6 41. Ke2 Kd5 42. Kd3 b4 43. g4 g5 44. g3 g6 45. f4 gxf4 46. gxf4 b3 47.
f5 g5 48. Kc3 b2 49. Kxb2 Kxd4 50. Kb3 Ke4 51. Kc4 Kf4 52. Kd5 Kxg4 53. Ke5 Kf3
54. Kd6 g4 55. Ke7 g3 56. Kxf7 g2 57. f6 g1=Q 58. Ke6 Qc5 59. f7 Qf8 60. Kf6 Kf4 0-1

[Event "World Youth Girls U16 2014"]
[Site "Durban RSA"]
[Date "2014.09.21"]
[Round "2.30"]
[White "Moyo, Phumuzile"]
[Black "Keskin, Suara"]
[Result "0-1"]
[WhiteElo "1370"]
[BlackElo "1674"]
[WhiteFideId "11001550"]
[BlackFideId "6332650"]
[EventDate "2014.09.20"]

1. e4 d6 2. Nf3 Nf6 3. Nc3 g6 4. d4 Bg7 5. Be3 O-O 6. Bd3 Nc6 7. a3 e5 8. d5 Ne7
9. Ne2 Ng4 10. Qd2 Nxe3 11. Qxe3 f5 12. Nd2 f4 13. Qf3 g5 14. Qh5 Rf6 15. Nf3
Rh6 16. Qxg5 Rg6 17. Qh5 Bg4 18. Qh4 Bf6 19. Ng5 Rxg5 20. f3 Bd7 21. Qf2 Qe8 22.
h4 Rh5 23. g4 fxg3 24. Qxg3+ Ng6 25. O-O-O Bxh4 26. Rxh4 Rxh4 27. Rg1 Kh8 28.
Qg5 Qe7 29. Qg3 Rf8 30. f4 Rg4 31. Qh2 Rxg1+ 32. Qxg1 Nxf4 33. Nxf4 exf4 34.
Qxa7 Qg5 35. b3 f3+ 0-1